Principles of physics : a calculus-based text (Record no. 4419)
[ view plain ]
| 000 -LEADER | |
|---|---|
| fixed length control field | 00481 a2200157 4500 |
| 020 ## - INTERNATIONAL STANDARD BOOK NUMBER | |
| International Standard Book Number | 0-03-027157-6 |
| 040 ## - CATALOGING SOURCE | |
| Original cataloging agency | DLC |
| Language of cataloging | DLC |
| 100 1# - MAIN ENTRY--PERSONAL NAME | |
| Personal name | Serway, Raymond A. |
| 245 00 - TITLE STATEMENT | |
| Title | Principles of physics : a calculus-based text |
| Statement of responsibility, etc. | Raymond A. Serway, John W. Jewett, Jr. |
| 250 ## - EDITION STATEMENT | |
| Edition statement | 3. ed. |
| 260 ## - PUBLICATION, DISTRIBUTION, ETC. | |
| Place of publication, distribution, etc. | Fort Worth, Tex. : |
| Name of publisher, distributor, etc. | Harcourt College Publ., |
| Date of publication, distribution, etc. | cop. 2002 |
| 300 ## - PHYSICAL DESCRIPTION | |
| Extent | xxxii, 1206, [79] s. : |
| Other physical details | f�rgill. |
| 650 #0 - SUBJECT ADDED ENTRY--TOPICAL TERM | |
| Topical term or geographic name entry element | Physics |
| 700 1# - ADDED ENTRY--PERSONAL NAME | |
| Personal name | Jewett, John W. |
| 942 ## - ADDED ENTRY ELEMENTS (KOHA) | |
| Koha item type | Book |
| Call number prefix | 530 SER |
| Source of classification or shelving scheme | |
| Withdrawn status | Lost status | Damaged status | Not for loan | Collection code | Permanent Location | Current Location | Shelving location | Date acquired | Source of acquisition | Cost, normal purchase price | Total Checkouts | Total Renewals | Full call number | Barcode | Checked out | Date last seen | Date last checked out | Price effective from | Koha item type |
|---|---|---|---|---|---|---|---|---|---|---|---|---|---|---|---|---|---|---|---|
| Central Library (CL) | Central Library (CL) | General Stacks | 09/20/2003 | Allied Book Company | 2350.42 | 14 | 7 | 530 SER | SEECS003824 | 10/18/2025 | 09/18/2025 | 09/18/2025 | 01/05/2017 | Book | |||||
| Central Library (CL) | Central Library (CL) | General Stacks | 02/28/2007 | Allied Book Company | 774.90 | 13 | 5 | 530 SER | SEECS008186 | 10/17/2025 | 09/23/2025 | 01/05/2017 | Book |
